[Event "CAN-ch op"]
[Site "Sackville"]
[Date "2001.07.11"]
[Round "6"]
[White "Brun, Jacques L"]
[Black "Phi, Tan Trao"]
[Result "1-0"]
[WhiteElo "1796"]
[BlackElo "1464"]
[PlyCount "61"]
[EventDate "2001.07.??"]
[EventType "swiss"]
[EventRounds "10"]
[EventCountry "CAN"]
[SourceTitle "EXT 2006"]
[Source "ChessBase"]
[SourceDate "2005.11.24"]
[SourceVersion "1"]
[SourceVersionDate "2005.11.24"]
[SourceQuality "1"]

1. e4 c6 2. d4 d5 3. Nc3 dxe4 4. Nxe4 Bf5 5. Ng3 Bg6 6. h4 h6 7. h5 Bh7 8. Nf3 Nf6 9. Bd3 Bxd3 10. Qxd3 e6 11. Bd2 Be7 12. 0-0-0 0-0 13. Ne4 Nbd7 14. Rdg1 Ng4 15. Nh2 Ndf6 16. Nxg4 Nxg4 17. f3 Qd5 18. Nc3 Qf5 19. Qxf5 exf5 20. fxg4 fxg4 21. Rf1 Rad8 22. Ne2 f5 23. Nf4 Rf6 24. Ng6 Re6 25. Re1 Rxe1+ 26. Rxe1 Bf6 27. c3 b5 28. Ne7+ Kf7 29. Nxc6 Ra8 30. Ne5+ Ke6 31. Nxg4+ 1-0